000 00575pab a2200193 454500
008 180718b2007 xxu||||| |||| 00| 0 eng d
100 _aSingh, Sucheta
245 _aEmotional stability with relevance to social network of human resource in educational organizations
260 _c2007
300 _ap.148-55.
362 _aJan-Mar
650 _aHuman resources development
650 _aEducational organizations
700 _aMishra, Yoga Dev
700 _aGandotra, Veena
773 _aIndian Journal of Training and Development
908 _aN
909 _a74356
999 _c74356
_d74356